ბათუმის შოთა რუსთაველის სახელმწიფო უნივერსიტეტის ბიბლიოთეკა

სამხრეთ-დასავლეთ საქართველოს სამეცნიერო-კვლევითი ცენტრი: კრებული VI (ბიბ.ჩანაწერი № 51137)

000 -LEADER
fixed length control field 00789nam a2200217Ia 4500
001 - CONTROL NUMBER
control field 18094
003 - CONTROL NUMBER IDENTIFIER
control field GE_BSU
008 - FIXED-LENGTH DATA ELEMENTS--GENERAL INFORMATION
fixed length control field 181216s||||||||xx |||||||||||||| ||und||
020 ## - INTERNATIONAL STANDARD BOOK NUMBER
International Standard Book Number ISSN 1522-2212
040 ## - CATALOGING SOURCE
Transcribing agency GE_BSU
080 ## - UNIVERSAL DECIMAL CLASSIFICATION NUMBER
Universal Decimal Classification number 81(082)+94(479.223)
245 ## - TITLE STATEMENT
Title სამხრეთ-დასავლეთ საქართველოს სამეცნიერო-კვლევითი ცენტრი: კრებული VI
245 ## - TITLE STATEMENT
Statement of responsibility, etc. ტომის რედ. მ. ფაღავა.,მ. ჩოხარაძე
260 ## - PUBLICATION, DISTRIBUTION, ETC.
Place of publication, distribution, etc. ბათუმი
260 ## - PUBLICATION, DISTRIBUTION, ETC.
Name of publisher, distributor, etc. შოთა რუსთაველის სახ. უნ-ტი
260 ## - PUBLICATION, DISTRIBUTION, ETC.
Date of publication, distribution, etc. 2009
300 ## - PHYSICAL DESCRIPTION
Extent 292გვ.27გვ.
653 ## - INDEX TERM--UNCONTROLLED
Uncontrolled term კრებული
942 ## - ADDED ENTRY ELEMENTS (KOHA)
Koha item type წიგნი
ეგზემპლარები
Withdrawn status Lost status Damaged status Not for loan Date acquired Barcode Date last seen Price effective from Koha item type
        2018-12-17 46179 2018-12-17 2018-12-17 წიგნი
        2018-12-17 46180 2018-12-17 2018-12-17 წიგნი